000 00977nam a22003137a 4500
001 0057559
003 KOHA_MİRAKIL
005 20260207004124.0
007 ta
008 160510b2000 tu |||gr||||#0|||1|eng |
020 _a9789757731528
_q 9757731528
040 _aTR-BiSEU
_btur
_cTR-BiSEU
_erda
041 0 _aeng
_atur
044 _ctu
050 _aPE1114
_b.D46 2000
100 1 _aDemirel, Özcan.
245 1 _aDeveloping test techniques for kpds/
_cÖzcan Demirel ; Özcan Demirel, İ. Hakkı Mirci.
264 1 _aAnkara :
_bHacettepe TAş
_c2000
300 _a438 pages; 25 cm.
336 _ametin
_btxt
_2rdacontent
337 _aaracısız
_bn
_2rdamedia
338 _acilt
_bnc
_2rdacarrier
650 0 _aİngiliz dili--Sınavlar, sorular, vb.
_91936
650 0 _aEnglish language--Examinations, questions, etc.
_91934
650 0 _aİngiliz dili--Gramer.
_935601
650 0 _aEnglish language--Grammar.
_93478
907 _aDil
942 _2lcc
_cBK
999 _c57364
_d57364